00712nam a2200193Ia 4500952015500000999001500155003000400170005001700174008004100191020001800232040000900250082001800259100005000277245007300327260004200400300000900442650002500451942004200476 00102ddc40708MANAGEMENTaMESbMEScMANAGEMENTd2019-02-20g520.00l1o658.15 INI/Bp39023r2022-10-25 00:00:00s2022-10-25w2019-02-20yBKzGL57R4 c8113d8113OSt20200116120515.0190216s9999||||xx |||||||||||||| ||und|| a9780230330467 coclc a658.15bINI/B aIndian Institute Of Banking And Finance91155 0aBank Financial Management /cIndian Institute Of Banking And Finance bMacmillan Education,c2015.aChennai: a486p xFinancial Management cBK2ddch658.15iINI/Bk658.15mINI/B